00355nam a2200133Ia 4500008004100000041000800041082001400049100002100063245004500084250001400129260003600143300003300179365000900212240624s9999 xx 000 0 und d aeng a158.3 NYS aNYSTUL MICHAEL S aINTRODUCTION TO COUNSELING AN ART AND SC a(4th ed.) c2011aBostonbPearson Education axxiii, : 517 : p. : cm. ; 23 cb25